Дело о взыскании с титулярного советника Гаусмана не заплаченных им Дирекции за содержание буфетов, платьев и масок при маскарад...

Доступно только в Электронных читальных залах Найти на картеНа карте
RUSMARC
00003674nmc2a22000003x 450
00130d1b157-419d-4c3b-98f5-08cb86d7103a
00520181004215300.0
100##$a20161214l18151821k l0rusy0189 ca
1010#$arus
102##$aRU
2001#$aДело о взыскании с титулярного советника Гаусмана не заплаченных им Дирекции за содержание буфетов, платьев и масок при маскарадах денег по контракту
$j6 июля 1815 г. - 2 июля 1821 г.
251##$cДело
300##$aДело
801#0$aRU
$bРГИА
$c20161214
$gRCR
801#1$aRU
$bГлавНИВЦ
$c20161214
$2rusmarc
801#2$aRU
$bПБ им. Б.Н. Ельцина
$c20181004
$gRCR
$2rusmarc
850##$aРГИА
852##$aРГИА
$eФедеральное казенное учреждение "Российский государственный исторический архив" (РГИА)
$j1388
937##$hРГИА
$d12236202
$aASBIBLIO_SCAN
462#0$1001dd3991dc-24e1-42ec-8838-ca4255420416
$12001
$a1746-1850 гг.
$1251
$cОпись
$1852
$j1
461#0$10019264ebf8-de62-4f1a-9eb4-9f22098dbbd5
$12001
$aДирекция императорских театров МИДв
$1251
$cФонд
$1852
$j497
215##$a201 л.
$d36,5х26 см
371##$aДокумент не является опубликованным и широко распространяемым
105##$ay###
1222#$ad
035##$a30d1b157-419d-4c3b-98f5-08cb86d7103a
856##$uhttp://readingroom.main.prlib.ru/item.aspx?id_node=n118907292&mode=full
Формат отображения